000 01447nam a22003737a 4500
003 CHAP
005 20220329141126.0
008 971010s1978 r 00010 d
010 _a63019
011 _a63991
035 _a68961
040 _cCHAP
082 _a658.503
_bU55
110 _aUNIDO
_9116196
245 _aGuía para la evaluación práctica de proyectos
_b: el análisis, de costos - beneficios sociales en los países en desarrollo
260 _aNueva York :
_bNaciones Unidas,
_c1978
300 _a130 p.
_b; grafs
490 _aFormulación y evaluación de proyectos
_v; 3
590 _aBATCH-UPD
_b10
_c20130110
_lUCH01
_h0523
590 _aBATCH-UPD
_b10
_c20130410
_lUCH01
_h0202
590 _aBATCH-UPD
_b10
_c20130914
_lUCH01
_h1429
590 _aCONVERSION
_b10
_c20130109
_lUCH01
_h1334
650 1 4 _aPaíses subdesarrollados.
_985149
650 1 4 _aProyectos industriales.
_992531
650 1 4 _aProyectos
_xEvaluación.
_992525
830 0 _aFormulación y evaluación de proyectos
_v; 3
_942401
901 _aBK
942 _cLIBRO
949 _a658.503 U5
_bCRUAN
_cLIBRO
_d-1122
_eLIBRO
_h58
_i68961
_si
949 _a658.503 U55
_bBC
_cLIBRO
_d-149633
_eLIBRO
_h62514
_i68961
_si
949 _a658.503 U55
_bBC
_cLIBRO
_d33724000118105
_eLIBRO
_fc.4
_h68336
_i68961
_si
949 _a658.503 U55
_bBC
_cLIBRO
_d33724000118246
_eLIBRO
_fc.2
_h67845
_i68961
_si
949 _a658.503 U55
_bBC
_cLIBRO
_d33724000661328
_eLIBRO
_fc.3
_h67846
_i68961
_si
999 _c63019
_d63019